| 000 | 00650nam a2200157Ia 4500 | ||
|---|---|---|---|
| 008 | 081213s9999 xx 000 0 und d | ||
| 050 |
_aBR1644 _b.S54 1967 |
||
| 100 | _aSherill, John L. | ||
| 245 |
_aThey speak with other Tongues _cJohn L. Sherrill |
||
| 260 |
_c1967 _aNew york _bPyramid Publication |
||
| 300 |
_a143 p.; _c18cm |
||
| 650 | _aSpeaking -Tongues | ||
| 942 |
_cBK _2lcc |
||
| 999 |
_c22041 _d22041 |
||